000
00303nam a22001217a 4500
020
_a
0-13-200601-4
082
_a
621.38195 CAH'D
100
_a
CAHILL, S.T
_9
66613
245
_a
DESIGNING MICROPROCESSOR BASED DIGITAL CIRCUITRY
260
_a
LONDON
_b
PRENTICE HALL
_c
1985
300
_a
227P
942
_c
BK
999
_c
574551
_d
574551